000 00276nam a22001337a 4500
008 170731b xxu||||| |||| 00| 0 eng d
020 _a9781562050818
041 _aeng
080 _a004
100 _a32
101 _aSHK
245 _aAUTO CAD
_cCONNER,F
942 _2udc
_cBK
999 _c22239
_d22239